000
00344nam a2200133Ia 4500
008
230524s9999 xx 000 0 und d
020
_a
9788174465962
100
_a
P L Rao
245
0
_a
International Human Resource Management: Text and Cases
260
_b
Excel Books
500
_a
Quantity Number: 2
650
_a
Management
942
_c
BK
999
_c
51310
_d
51310